00593nam a2200205Ia 4500003000400000005001700004008004100021020001800062040000700080041000800087082001500095100002200110245004100132260002000173300000900193650002200202942001300224999001900237952013100256OSt20251125111630.0250729s2005 xx 000 0 und d a9788120717435 cAL aeng a371.2 SIDS aSidhu K S9224764 aSchool organisation & administration aNew Delhic2005 a481p aEducation9224765 2ddccBED c236577d236577 00104070aALbALd2025-07-29eManagement Booksg125.00l0o371.2 SIDSpBED01896r2026-05-04 11:52:17v125.00w2025-07-29yBK